Bankopoisťovníctvo, jeho význam pri obchodoch komerčnej banky diplomová práca

Salvato in:
Dettagli Bibliografici
Autore principale: Dančišin, Marek
Ente Autore: Národohospodárska fakulta EU. Katedra bankovníctva a medzinárodných financií
Altri autori: Klimiková, Mária
Natura: Libro
Lingua:slovacco
Pubblicazione: Bratislava 2012
Tags: Aggiungi Tag
Nessun Tag, puoi essere il primo ad aggiungerne!!

MARC

LEADER 00000nbm a2200000 4500
001 0153478
005 20161109102116.8
041 0 |a slo 
044 |a SK 
245 1 0 |a Bankopoisťovníctvo, jeho význam pri obchodoch komerčnej banky  |b diplomová práca  |c Marek Dančišin ; školiteľ: Mária Klimiková 
264 1 |a Bratislava  |c 2012 
300 |a 61 s. 
100 1 |a Dančišin, Marek 
700 1 |a Klimiková, Mária 
710 2 |a Národohospodárska fakulta EU. Katedra bankovníctva a medzinárodných financií